Normal view
MARC view
- Supervisor:Prof. Dr. Muhammad Arshad
Entry Personal Name
001 - CONTROL NUMBER
- control field: 123822
003 - CONTROL NUMBER IDENTIFIER
- control field: NUST
005 - DATE AND TIME OF LATEST TRANSACTION
- control field: 20240626162247.0
008 - FIXED-LENGTH DATA ELEMENTS
- fixed length control field: 240626|| aca||aabn | a|a d
040 ## - CATALOGING SOURCE
- Original cataloging agency: NUST
- Transcribing agency: NUST
100 ## - HEADING--PERSONAL NAME
- Personal name: Supervisor:Prof. Dr. Muhammad Arshad
670 ## - SOURCE DATA FOUND
- Source citation: Work cat.: (NUST)607747: Zafar, Ms. Rabeea 120476, Quantification and Controlling Spread of Antibiotics and Resistant Strains in Wastewater and Sludge/
